Marine - Star Academy 12 - Statistiques

Statistiques générales
  • Ce quiz a été pris 1 713 fois
  • Le résultat moyen est 3 sur 14
Answers on the Grid
Answers color-coded by a green-red scale on the quiz's grid according to % correct below.
A une soeur
A eu un crush sur Vassili Shneider
Est sur le tableau "Sweet dreams" pendant la tournée
A un/des tatouage(s)
A chanté "Sublime et silence" pour un duo avec Julien Doré sur sa tournée
Son père s'appelle Grégoire
Elle chante un duo avec Franck sur la tournée
Son deuxième single s'appelle "Coeur maladroit"
Sa masterclasse préférée est celle avec Jarry
Elle a été nommée deux fois pendant la Star Academy
Elle a gagné l'aventure avec 55% des voix
A remporté deux immunités pendant l'aventure
A chanté en duo avec Pierre Garnier sur un prime
A fait des études en dentaire
A fait sa première évaluation avec Ulysse sur "Le chemin" de Kyo
A été en demi finale contre Ebony
Ses profs préférées sont Marlène et Fanny
Rêve de faire Koh Lanta
A chanté "Les corons" au stade Bollaert de Lens
A chanté "Le bleu lumière" aux évaluations Carte blanche
A été nommée la première semaine de l'aventure
A offert des chaussettes avec sa tête à Ulysse pour Noël
A été immunisée la semaine de la tournée
A appelé Sofia pour l'appel bonus lors de la semaine des profs
Est citée dans la chanson "Blonde" de Maïa
Etait en finale contre Charles
La première version de "Ma faute" est sorti en 2024
A chanté "J'sais pas plaire" avec Clara Luciani sur un prime
A été le coup de coeur de Kamel Ouali pendant la semaine des anciens
Est la 7e fille à remporter l'aventure
 
Statistiques - réponses
Réponse % Correct
A eu un crush sur Vassili Shneider
91%
A un/des tatouage(s)
47%
Son deuxième single s'appelle "Coeur maladroit"
46%
A chanté "Sublime et silence" pour un duo avec Julien Doré sur sa tournée
27%
Sa masterclasse préférée est celle avec Jarry
17%
A fait des études en dentaire
14%
A offert des chaussettes avec sa tête à Ulysse pour Noël
11%
A chanté "Les corons" au stade Bollaert de Lens
10%
A remporté deux immunités pendant l'aventure
10%
Est citée dans la chanson "Blonde" de Maïa
8%
Est la 7e fille à remporter l'aventure
7%
Ses profs préférées sont Marlène et Fanny
6%
A chanté "Le bleu lumière" aux évaluations Carte blanche
5%
A chanté "J'sais pas plaire" avec Clara Luciani sur un prime
3%
Aucun quiz correspondant
Distribution des résultats
% des personnes avec chaque résultat
Percentile par nombre de réponses
Votre historique - résultats
Vous n’avez pas pris ce quiz